History by Letter 'L' (Multiple Choice) - Statistics

General Stats
  • This quiz has been taken 15 times
    3 since last reset
  • The average score is 8 of 12
Answer Stats
Question Answer % Correct
Wrote 'Call of the Wild' and 'White Fang'. Jack London
100%
Commanded the First Corps of the Army of Northern Virginia at Gettysburg in 1863. James Longstreet
100%
This city was under siege by the Germans from 8 September, 1941 to 27 January, 1945. Leningrad
100%
Island of the Archaic Greek poet Sappho. Lesbos
100%
Where would you find the towns of Diekirch, Echternach and Remich? Luxembourg
100%
This German general der infanterie was the brains behind the successes of the more well-known Generalfeldmarschall Paul von Hindenburg. Erich von Ludendorff
67%
Which animal, for years, had to live with the stigma of having been thought to have suicidal tendencies en masse, by humans? Lemming
67%
Where would you find the towns of Balzers, Schaan and Triesenberg? Liechtenstein
67%
Where would you find the towns of Grinkiskis, Rimse and Svedasai? Lithuania
67%
Where would you find the towns of Antaliepte, Gudeliai and Zasliai? Lithuania
33%
Which Spartan commander's forces destroyed the Athenian fleet at Aegostotami in 405 BC? Lysander
33%
Which actress was born on the island of Jersey? Lillie Langtry
0%
No matching quizzes found
Score Distribution
Percent of People with Each Score
Percentile by Number Answered
Your Score History
You have not taken this quiz since the last reset